Catálogo
 En Linea

Novelas cortas completas / (Registro nro. 8979)

Detalles MARC
000 -CABECERA
campo de control de longitud fija 00704cam a2200205 a 4500
001 - NÚMERO DE CONTROL
campo de control 000009216
005 - FECHA Y HORA DE LA ÚLTIMA TRANSACCIÓN
campo de control 20200929161524.0
008 - DATOS DE LONGITUD FIJA--INFORMACIÓN GENERAL
campo de control de longitud fija 730410s1968 ve 000 f spa d
040 ## - FUENTE DE LA CATALOGACIÓN
Centro catalogador/agencia de origen DO-SdBNP
Lengua de catalogación spa
Centro/agencia transcriptor BNPHU
082 ## - NÚMERO DE LA CLASIFICACIÓN DECIMAL DEWEY
Número de clasificación U863.44
Número de documento/Ítem O58n
100 1# - ENTRADA PRINCIPAL--NOMBRE DE PERSONA
Nombre de persona Onetti, Juan Carlos,
Fechas asociadas al nombre 1909-1994
9 (RLIN) 23877
245 10 - MENCIÓN DE TÍTULO
Título Novelas cortas completas /
Mención de responsabilidad, etc. Juan Carlos Onetti.
260 ## - PUBLICACIÓN, DISTRIBUCIÓN, ETC.
Lugar de publicación, distribución, etc. Caracas, Venezuela :
Nombre del editor, distribuidor, etc. Monte Ávila,
Fecha de publicación, distribución, etc. [1968].
300 ## - DESCRIPCIÓN FÍSICA
Extensión 235 p. ;
Dimensiones 20 cm.
490 1# - MENCIÓN DE SERIE
Mención de serie Prisma
505 0# - NOTA DE CONTENIDO CON FORMATO
Nota de contenido con formato El pozo. -- Los adioses. -- La cara de la desgracia. -- Tan triste como ella. --Para una tumba sin nombre.
650 #4 - PUNTO DE ACCESO ADICIONAL DE MATERIA--TÉRMINO DE MATERIA
Término de materia o nombre geográfico como elemento de entrada Novela uruguaya
9 (RLIN) 5679
650 #4 - PUNTO DE ACCESO ADICIONAL DE MATERIA--TÉRMINO DE MATERIA
Término de materia o nombre geográfico como elemento de entrada Literatura uruguaya
Subdivisión cronológica SIGLO XX
9 (RLIN) 16336
830 #0 - PUNTO DE ACCESO ADICIONAL DE SERIE-TÍTULO UNIFORME
Título uniforme Prisma.
9 (RLIN) 3770
Existencias
Estado de retiro Estado de pérdida Restricciones de uso No para préstamo Código de colección Localización permanente Ubicación/localización actual Ubicación en estantería Fecha de adquisición Número de inventario Total de préstamos Signatura topográfica completa Código de barras Fecha visto por última vez Precio válido a partir de Tipo de ítem Koha Número de copia
        Monografías: Libros y Folletos General General Depósito 28.09.2009 LF1   U863.44 O58n 9216-10 25.06.2020 25.06.2020 Préstamo en sala  
    Préstamo restringido Préstamo restrigido Monografías: Libros y Folletos General General En catalogación 28.09.2009 LF1   U863.44 O58n 9216-20 25.06.2020 25.06.2020 Préstamo en sala e.2

Con tecnología Koha